Indian Nuclear Policy/ (Record no. 176419)

MARC details
000 -LEADER
fixed length control field 00652nam a22001937a 4500
005 - DATE AND TIME OF LATEST TRANSACTION
control field 20210118150348.0
010 ## - LCCN (DPL NO)
LC control number ENG-128705
020 ## - INTERNATIONAL STANDARD BOOK NUMBER
International Standard Book Number 978-0-19-948902-2
Terms of availability 325.00
035 ## - SYSTEM CONTROL NUMBER
System control number EN-112237
037 ## - SOURCE OF ACQUISITION
Source of stock number/acquisition DBAD/PUB
082 ## - DEWEY DECIMAL CLASSIFICATION NUMBER
Classification number 333.79240954
100 ## - MAIN ENTRY--PERSONAL NAME
Personal name Pant, Harsh V.
245 ## - TITLE STATEMENT
Title Indian Nuclear Policy/
Remainder of title Harsh V. Pant, and Yogesh Joshi
260 ## - PUBLICATION, DISTRIBUTION, ETC. (IMPRINT)
Place of publication, distribution, etc New Delhi
Name of publisher, distributor, etc Oxford University Press
Date of publication, distribution, etc 2018
270 ## - ADDRESS
City New Delhi
Postal code 110002
Address 2/11, Ground Floor, Ansari Road, Daryaganj
300 ## - PHYSICAL DESCRIPTION
Extent xi+193p.
Dimensions 19cm(pbk)
Other physical details Including bibliographical references and index.
700 ## - ADDED ENTRY--PERSONAL NAME
Personal name Joshi, Yogesh
942 ## - ADDED ENTRY ELEMENTS (KOHA)
Source of classification or shelving scheme Dewey Decimal Classification
Item type English Books
Classification part 333.79240954
Call number suffix PAN
Holdings
Withdrawn status Lost status Not for loan Collection code Home library Current library Date acquired Source of acquisition Cost, normal purchase price Full call number Barcode Copy number Cost, replacement price Koha item type
      Non-fiction Central Library Central Library 22/12/2020 DBAD/PUB 325.00 333.79240954 PAN EN-112237 1 325.00 English Books

© Delhi Public Library
Hit Counter
free hit counter